00515nam a22001577a 450000500170000001000150001702000260003203500140005803700130007208200080008510000250009324500810011826000510019927000860025030000210033620230317145552.0 aENG-135696 a9789390100934c200.00 aEN-119228 bDBAD/PUB a920 aRaeen, Safiur Rahman aManazir ashiq harganvi:bGreat literary personality/cBy Safiur Rahman Raeen aDarya GanjbEducational publishing housec2020 aD1/16, Ansari road, DaryaganjbNew Delhie110002k011-46578285minfo@ephbooks.com a112p.c22cm(pbk)